El hombre que calculaba
שמור ב:
| מחבר ראשי: | |
|---|---|
| פורמט: | ספר |
| שפה: | ספרדית |
| יצא לאור: |
Barcelona
Vosgos S. A
1976
|
| מהדורה: | 3a. ed |
| סדרה: | Colección Grandes Maestros, 43
|
| נושאים: | |
| תגים: |
הוספת תג
אין תגיות, היה/י הראשונ/ה לתייג את הרשומה!
|
MARC
| LEADER | 00000cam a2200000 a 4500 | ||
|---|---|---|---|
| 001 | UCD5077 | ||
| 003 | CL-VaPUC | ||
| 008 | 160807e19760000sp |||||||||||||||||spa|d | ||
| 020 | |a 8434602148 | ||
| 082 | 0 | 4 | |a 510 |b TAH |2 21 |
| 100 | 0 | |a Tahan, Malba |e author |9 588811 | |
| 245 | 1 | 3 | |a El hombre que calculaba |
| 250 | |a 3a. ed | ||
| 300 | |a 186 p | ||
| 942 | |c BK | ||
| 945 | |d 20160807 22:49:00 |a dcastane | ||
| 260 | |a Barcelona |b Vosgos S. A |c 1976 | ||
| 650 | 0 | |a Matemática |9 260235 | |
| 650 | 0 | |a Filosofía de las ciencias |9 256466 | |
| 650 | 0 | |a Matemáticas |x Enseñanza |9 875527 | |
| 583 | |a last modification |c 20160807 22:49:00 |k Rodrigo Vera | ||
| 490 | 0 | |a Colección Grandes Maestros, 43 | |
| 999 | |c 365844 |d 365842 | ||
| 952 | |0 0 |1 0 |3 erb |4 0 |6 510_000000000000000_TAH_1976 |7 0 |8 A |9 479811 |a BIBEDU |b BIBEDU |i 533649K |o 510 TAH 1976 |p 533649K |r 2019-11-24 |w 2019-11-24 |y BK |z Catalogado en:20160807 |k EPE | ||